[Event "BL 1718 (Women)"]
[Site "Germany"]
[Date "2017.10.01"]
[Round "1.4"]
[White "Gressmann, Hanna"]
[Black "Hegeler, Anja"]
[Result "1/2-1/2"]
[WhiteElo "1827"]
[BlackElo "2115"]
[PlyCount "107"]
[EventDate "2017.10.01"]
[EventType "team-tourn"]
[EventRounds "11"]
[EventCountry "GER"]
[SourceTitle "EXT 2019"]
[Source "ChessBase"]
[SourceDate "2018.10.10"]
[SourceVersion "1"]
[SourceVersionDate "2018.10.10"]
[SourceQuality "1"]
[WhiteTeam "Kiel Doppelbauer (W)"]
[BlackTeam "Hamburger SK (W)"]
[WhiteTeamCountry "GER"]
[BlackTeamCountry "GER"]

1. e4 e6 2. d4 d5 3. exd5 exd5 4. Bd3 Qf6 5. Ne2 Bd6 6. c3 Ne7 7. h3 c6 8. 0-0 Bf5 9. Ng3 Bg6 10. Qc2 0-0 11. Nd2 Nd7 12. Nf3 h6 13. Re1 Rae8 14. Bd2 Bc7 15. Nh2 Bxd3 16. Qxd3 Ng6 17. Qf3 Nf4 18. Bxf4 Qxf4 19. Qxf4 Bxf4 20. Nf3 g6 21. Rad1 Kg7 22. b3 Nf6 23. Ne5 Re6 24. Re2 Rfe8 25. Rde1 Bxg3 26. fxg3 Ne4 27. Re3 h5 28. c4 f6 29. Nd3 Kf7 30. Nf4 Rd6 31. cxd5 cxd5 32. Nxd5 f5 33. Nc3 Rxd4 34. Nb5 Rd2 35. Nc3 Nf6 36. Rxe8 Nxe8 37. Rd1 Rxd1+ 38. Nxd1 Ke6 39. Kf2 Nd6 40. Ke3 Ne4 41. g4 Ke5 42. gxf5 gxf5 43. Nb2 f4+ 44. Kf3 Ng5+ 45. Ke2 f3+ 46. gxf3 Nxh3 47. Ke3 b5 48. Nd3+ Kf5 49. a4 bxa4 50. bxa4 h4 51. f4 Kg4 52. Ne5+ Kf5 53. Nd3 Kg4 54. Ne5+ 1/2-1/2

[Event "Hamburg-chT Landesliga 1617"]
[Site "Hamburg"]
[Date "2017.05.14"]
[Round "9.4"]
[White "Hegeler, Anja"]
[Black "Wasmuth, Matthias"]
[Result "1/2-1/2"]
[WhiteElo "2145"]
[BlackElo "2189"]
[PlyCount "34"]
[EventDate "2016.10.16"]
[EventType "team-tourn"]
[EventRounds "9"]
[EventCountry "GER"]
[SourceTitle "EXT 2022"]
[Source "ChessBase"]
[SourceDate "2021.10.06"]
[SourceVersion "1"]
[SourceVersionDate "2021.10.06"]
[SourceQuality "1"]
[WhiteTeam "Hamburger SK IV"]
[BlackTeam "Harburg Diagonale"]
[WhiteTeamCountry "GER"]
[BlackTeamCountry "GER"]

1. e4 c5 2. Nf3 d6 3. d4 cxd4 4. Nxd4 Nf6 5. Nc3 g6 6. Be3 Bg7 7. f3 Nc6 8. Qd2 0-0 9. 0-0-0 d5 10. exd5 Nxd5 11. Nxd5 Qxd5 12. Nxc6 Qxc6 13. Bh6 Bxh6 14. Qxh6 Be6 15. Kb1 Rac8 16. Bd3 Rfd8 17. Qc1 Bc4 1/2-1/2

[Event "Hamburg CC Easter op 3rd"]
[Site "Hamburg"]
[Date "2017.04.15"]
[Round "3"]
[White "Groetzbach, Julian"]
[Black "Hegeler, Anja"]
[Result "0-1"]
[WhiteElo "2246"]
[BlackElo "2145"]
[PlyCount "80"]
[EventDate "2017.04.14"]
[EventType "swiss"]
[EventRounds "7"]
[EventCountry "GER"]
[SourceTitle "CBM 177 Extra"]
[Source "ChessBase"]
[SourceDate "2017.04.27"]
[SourceVersion "1"]
[SourceVersionDate "2017.04.27"]
[SourceQuality "1"]

1. Nf3 Nf6 2. c4 d6 3. d4 Nbd7 4. Nc3 e5 5. e4 c6 6. Be2 Be7 7. 0-0 0-0 8. Be3 Ng4 9. Bd2 a6 10. d5 Ngf6 11. b4 c5 12. a3 h6 13. Ne1 Nh7 14. g3 Bg5 15. f4 exf4 16. gxf4 Bf6 17. Nf3 b5 18. bxc5 Bxc3 19. Bxc3 Nxc5 20. Qd4 f6 21. Rab1 bxc4 22. Bxc4 Bh3 23. Rfe1 Qe8 24. Kh1 Qh5 25. Qf2 Rae8 26. Nd2 f5 27. e5 Ne4 28. Nxe4 fxe4 29. Qg3 Bg4 30. exd6 Nf6 31. Rb7 Rc8 32. Rc7 Rcd8 33. Be5 Nd7 34. Bd4 g5 35. Be3 Kh7 36. Bf1 gxf4 37. Bxf4 Bf3+ 38. Bg2 Bxg2+ 39. Qxg2 Rxf4 40. Rxe4 Qd1+ 0-1

[Event "BL 1617 (Women)"]
[Site "Germany"]
[Date "2017.03.04"]
[Round "5.5"]
[White "Hund, Sarah"]
[Black "Hegeler, Anja"]
[Result "1/2-1/2"]
[WhiteElo "1891"]
[BlackElo "2167"]
[PlyCount "144"]
[EventDate "2016.10.22"]
[EventType "team-tourn"]
[EventRounds "11"]
[EventCountry "GER"]
[SourceTitle "EXT 2018"]
[Source "ChessBase"]
[SourceDate "2017.10.13"]
[SourceVersion "1"]
[SourceVersionDate "2017.10.13"]
[SourceQuality "1"]
[WhiteTeam "Karlsruhe (W)"]
[BlackTeam "Hamburger SK (W)"]
[WhiteTeamCountry "GER"]
[BlackTeamCountry "GER"]

1. e4 e6 2. d4 d5 3. Nc3 Nc6 4. Nf3 Nf6 5. e5 Ne4 6. Bd3 Bb4 7. Bd2 Bxc3 8. bxc3 Nxd2 9. Qxd2 Na5 10. 0-0 h6 11. h3 b6 12. Nh2 Nc4 13. Qe2 Nb2 14. Bb5+ Bd7 15. a4 c6 16. Ba6 Bc8 17. Bxc8 Qxc8 18. Ng4 Nc4 19. Ne3 Nxe3 20. Qxe3 Qd7 21. Rfb1 0-0 22. a5 b5 23. a6 Rab8 24. Qc1 Rfc8 25. Ra5 c5 26. Qb2 Rb6 27. Rxb5 Rxa6 28. Rb7 Qc6 29. Rb8 cxd4 30. cxd4 Kh7 31. Rb7 Rc7 32. Qb5 Qxb5 33. R1xb5 Rxb7 34. Rxb7 Ra1+ 35. Kh2 Kg6 36. Kg3 a5 37. Ra7 Ra4 38. c3 Ra3 39. Kf4 a4 40. f3 h5 41. h4 Ra1 42. Kg3 a3 43. Kh2 a2 44. g4 Rf1 45. Rxa2 Rxf3 46. Rg2 Rxc3 47. gxh5+ Kh6 48. Rf2 Rc7 49. Kg3 Kxh5 50. Rf3 Kg6 51. Kg4 Kh6 52. h5 Rc1 53. Rxf7 Rg1+ 54. Kh4 Rg5 55. Rf8 Rxh5+ 56. Kg4 Rg5+ 57. Kh4 Rg1 58. Re8 Rd1 59. Rxe6+ g6 60. Rd6 Rxd4+ 61. Kg3 Kg5 62. e6 Kf6 63. e7+ Kxe7 64. Rxg6 Re4 65. Kf3 Re6 66. Rxe6+ Kxe6 67. Ke3 Ke5 68. Kd3 d4 69. Kd2 Ke4 70. Ke2 d3+ 71. Kd2 Kd4 72. Kd1 Kd5 1/2-1/2

[Event "BL 1516 (Women)"]
[Site "Germany"]
[Date "2016.01.10"]
[Round "5.4"]
[White "Hegeler, Anja"]
[Black "Franzenburg, Maria"]
[Result "1-0"]
[WhiteElo "2160"]
[BlackElo "1895"]
[PlyCount "47"]
[EventDate "2015.09.26"]
[EventType "team-tourn"]
[EventRounds "11"]
[EventCountry "GER"]
[SourceTitle "EXT 2017"]
[Source "ChessBase"]
[SourceDate "2016.10.25"]
[SourceVersion "1"]
[SourceVersionDate "2016.10.25"]
[SourceQuality "1"]
[WhiteTeam "Hamburger SK (W)"]
[BlackTeam "Kiel Doppelbauer (W)"]
[WhiteTeamCountry "GER"]
[BlackTeamCountry "GER"]

1. e4 e6 2. d4 d5 3. Nc3 Bb4 4. exd5 exd5 5. Bd3 Nf6 6. h3 0-0 7. Qf3 Ne4 8. Nge2 f5 9. 0-0 c5 10. dxc5 Bxc5 11. Nf4 Nxc3 12. bxc3 d4 13. Bc4+ Kh8 14. Bd5 Qc7 15. Bb2 Bd6 16. Ne2 dxc3 17. Bxc3 Nd7 18. Rab1 Rb8 19. Ba1 Bh2+ 20. Kh1 Be5 21. Nd4 Bxd4 22. Bxd4 b6 23. Rfe1 Qxc2 24. Qg3 1-0

[Event "BL 1415 (Women)"]
[Site "Germany"]
[Date "2015.01.25"]
[Round "7.5"]
[White "Hegeler, Anja"]
[Black "Olsarova, Karolina"]
[Result "1/2-1/2"]
[WhiteElo "2171"]
[BlackElo "2224"]
[PlyCount "91"]
[EventDate "2014.09.27"]
[EventType "team-tourn"]
[EventRounds "11"]
[EventCountry "GER"]
[SourceTitle "CBM 166 Extra"]
[Source "ChessBase"]
[SourceDate "2015.06.18"]
[SourceVersion "1"]
[SourceVersionDate "2015.06.18"]
[SourceQuality "1"]
[WhiteTeam "Hamburger SK (W)"]
[BlackTeam "Grosslehna (W)"]
[WhiteTeamCountry "GER"]
[BlackTeamCountry "GER"]

1. e4 e5 2. Nf3 Nc6 3. Bb5 a6 4. Ba4 Nf6 5. 0-0 Nxe4 6. Re1 Nc5 7. Bxc6 dxc6 8. Nxe5 Be7 9. b3 0-0 10. Bb2 Bf6 11. d3 Re8 12. Nd2 Bf5 13. f4 Nd7 14. Qf3 h6 15. g4 Bxe5 16. fxe5 Be6 17. Ne4 Qh4 18. h3 h5 19. gxh5 Bxh3 20. Nf2 Be6 21. c4 Nf8 22. Re4 Qe7 23. Kh2 Nh7 24. Rg1 Kh8 25. Rf4 Rg8 26. Ne4 Raf8 27. a3 c5 28. Bc3 b6 29. Be1 Bd7 30. Bc3 Qe6 31. Qg3 Qh6 32. Qh4 Be6 33. Bd2 g5 34. hxg6 Rxg6 35. Rxg6 Qxh4+ 36. Rxh4 fxg6 37. Bg5 Rf5 38. Kg3 Kg7 39. Bf6+ Kg8 40. Rxh7 Kxh7 41. Ng5+ Rxg5+ 42. Bxg5 Bf5 43. Bd8 Bxd3 44. Bxc7 b5 45. Bd6 bxc4 46. bxc4 1/2-1/2

[Event "Hamburg-chT Landesliga 1213"]
[Site "Hamburg"]
[Date "2013.04.14"]
[Round "9.1"]
[White "Fries Nielsen, Jens Ove"]
[Black "Hegeler, Anja"]
[Result "0-1"]
[WhiteElo "2369"]
[BlackElo "2178"]
[PlyCount "61"]
[EventDate "2012.10.14"]
[EventType "team-tourn"]
[EventRounds "9"]
[EventCountry "GER"]
[SourceTitle "EXT 2022"]
[Source "ChessBase"]
[SourceDate "2021.10.06"]
[SourceVersion "1"]
[SourceVersionDate "2021.10.06"]
[SourceQuality "1"]
[WhiteTeam "Harburg Diagonale"]
[BlackTeam "Hamburger SK IV"]
[WhiteTeamCountry "GER"]
[BlackTeamCountry "GER"]

1. e4 e6 2. d4 d5 3. e5 c5 4. c3 Nc6 5. g3 Qb6 6. Ne2 cxd4 7. cxd4 Nge7 8. Bh3 g6 9. Nbc3 Nf5 10. Bxf5 gxf5 11. 0-0 Bd7 12. Bg5 Rg8 13. Qd2 h6 14. Bxh6 Nxd4 15. Nxd4 Bxh6 16. Qxh6 Qxd4 17. Rad1 Qc4 18. Rfe1 Bc6 19. Ne2 Qxa2 20. Nd4 Qxb2 21. Re2 Qb4 22. Nxe6 fxe6 23. Qxe6+ Kf8 24. Qxf5+ Ke7 25. Qf6+ Ke8 26. Qe6+ Kf8 27. Qf6+ Ke8 28. Qe6+ Kf8 29. Re3 Qg4 30. Qd6+ Ke8 31. f3 0-1

[Event "BL 1213 (Women)"]
[Site "Germany"]
[Date "2013.02.17"]
[Round "9.4"]
[White "Hegeler, Anja"]
[Black "Korenova, Martina"]
[Result "0-1"]
[WhiteElo "2202"]
[BlackElo "2214"]
[PlyCount "66"]
[EventDate "2012.10.06"]
[EventType "team-tourn"]
[EventRounds "11"]
[EventCountry "GER"]
[SourceTitle "EXT 2014"]
[Source "ChessBase"]
[SourceDate "2013.11.20"]
[SourceVersion "1"]
[SourceVersionDate "2013.11.20"]
[SourceQuality "1"]
[WhiteTeam "Hamburger SK (W)"]
[BlackTeam "Rodewisch (W)"]
[WhiteTeamCountry "GER"]
[BlackTeamCountry "GER"]

1. e4 e5 2. Nf3 Nc6 3. d3 g6 4. Be2 Bg7 5. c3 Nf6 6. 0-0 d5 7. Nbd2 0-0 8. b4 Nh5 9. Ne1 Nf4 10. Bf3 d4 11. Qb3 dxc3 12. Qxc3 Nd4 13. Kh1 b6 14. a4 a6 15. Bb2 Bb7 16. g3 Nfe6 17. Bg2 Rc8 18. Ndf3 c5 19. Nxd4 Nxd4 20. bxc5 Rxc5 21. Qa3 Qd7 22. Rb1 Ra5 23. Qb4 Rxa4 24. Qxb6 Bc6 25. Rc1 Rc8 26. Bxd4 exd4 27. f4 Ra2 28. Nf3 Bb5 29. Rxc8+ Qxc8 30. Nxd4 Bxd3 31. Rd1 Bxd4 32. Qxd4 Rxg2 33. Qxd3 Qh3 0-1

[Event "BL 1011 (Women)"]
[Site "Germany"]
[Date "2010.12.05"]
[Round "4.5"]
[White "Sedina, Elena"]
[Black "Hegeler, Anja"]
[Result "1-0"]
[WhiteElo "2342"]
[BlackElo "2183"]
[PlyCount "69"]
[EventDate "2010.11.06"]
[EventType "team-tourn"]
[EventRounds "11"]
[EventCountry "GER"]
[SourceTitle "EXT 2012"]
[Source "ChessBase"]
[SourceDate "2011.11.24"]
[SourceVersion "1"]
[SourceVersionDate "2011.11.24"]
[SourceQuality "1"]
[WhiteTeam "Baden-Baden (W)"]
[BlackTeam "Hamburger SK (W)"]
[WhiteTeamCountry "GER"]
[BlackTeamCountry "GER"]

1. e4 e6 2. d4 d5 3. e5 c5 4. c3 Nc6 5. Nf3 Qb6 6. Be2 cxd4 7. cxd4 Nh6 8. Bd3 Bd7 9. Bc2 g6 10. Nc3 Nf5 11. Bxf5 gxf5 12. 0-0 Be7 13. a3 h5 14. h4 0-0-0 15. Na4 Qb5 16. Bg5 Rdg8 17. Rc1 Kb8 18. Bxe7 Nxe7 19. Nc5 Bc6 20. b4 Rg4 21. Ng5 Rg8 22. f3 Rxh4 23. Qd2 f4 24. Nxf7 Nf5 25. Nd6 Nxd6 26. exd6 Qb6 27. Rfe1 Qd8 28. Rxe6 Qg5 29. d7 Qg3 30. Re8+ Rxe8 31. dxe8Q+ Bxe8 32. Qe2 Bc6 33. Na6+ bxa6 34. Rxc6 Kb7 35. Qxa6+ 1-0

[Event "BL 1011 (Women)"]
[Site "Germany"]
[Date "2010.12.04"]
[Round "3.5"]
[White "Hegeler, Anja"]
[Black "Kiefhaber, Veronika"]
[Result "1-0"]
[WhiteElo "2183"]
[BlackElo "2242"]
[PlyCount "55"]
[EventDate "2010.11.06"]
[EventType "team-tourn"]
[EventRounds "11"]
[EventCountry "GER"]
[SourceTitle "EXT 2012"]
[Source "ChessBase"]
[SourceDate "2011.11.24"]
[SourceVersion "1"]
[SourceVersionDate "2011.11.24"]
[SourceQuality "1"]
[WhiteTeam "Hamburger SK (W)"]
[BlackTeam "Karlsruhe (W)"]
[WhiteTeamCountry "GER"]
[BlackTeamCountry "GER"]

1. e4 g6 2. d4 Bg7 3. Nc3 d5 4. exd5 Nf6 5. Bb5+ Nbd7 6. a4 a5 7. Nf3 0-0 8. 0-0 Nb6 9. Re1 Nbxd5 10. Nxd5 Nxd5 11. Bg5 c6 12. Bc4 Re8 13. c3 Qd6 14. Qd2 Be6 15. Bh6 Bh8 16. Ng5 Bf5 17. Re3 Rad8 18. Rf3 Bf6 19. h3 e5 20. g4 e4 21. Rg3 Bc8 22. Re1 e3 23. Rgxe3 Rxe3 24. Rxe3 Nxe3 25. Bxf7+ Kh8 26. Qxe3 Qe7 27. Bc4 Bxg5 28. Bxg5 1-0

[Event "BL 0910 (Women)"]
[Site "Germany"]
[Date "2010.03.28"]
[Round "11.4"]
[White "Hegeler, Anja"]
[Black "Lehmann, Christina"]
[Result "1/2-1/2"]
[WhiteElo "2181"]
[BlackElo "2095"]
[PlyCount "44"]
[EventDate "2009.11.07"]
[EventType "team-tourn"]
[EventRounds "11"]
[EventCountry "GER"]
[SourceTitle "CBM 133 Extra"]
[Source "ChessBase"]
[SourceDate "2010.01.05"]
[SourceVersion "1"]
[SourceVersionDate "2010.01.05"]
[SourceQuality "1"]
[WhiteTeam "Hamburger SK (W)"]
[BlackTeam "Grosslehna (W)"]
[WhiteTeamCountry "GER"]
[BlackTeamCountry "GER"]

1. e4 c5 2. Nf3 d6 3. d4 cxd4 4. Nxd4 Nf6 5. Nc3 a6 6. f4 e5 7. Nf3 Qc7 8. Bd3 Be7 9. a3 0-0 10. 0-0 Be6 11. Kh1 Nbd7 12. Qe1 Rfe8 13. Be3 Rac8 14. Rd1 exf4 15. Bxf4 Ne5 16. Nxe5 dxe5 17. Bg5 Nh5 18. Bd2 g6 19. Be2 Nf4 20. Bxf4 exf4 21. Rf3 Bf6 22. Rfd3 Qb6 1/2-1/2

[Event "BL 0910 (Women)"]
[Site "Germany"]
[Date "2010.03.14"]
[Round "9.4"]
[White "Mikliaeva, Darja S"]
[Black "Hegeler, Anja"]
[Result "0-1"]
[WhiteElo "2162"]
[BlackElo "2181"]
[PlyCount "64"]
[EventDate "2009.11.07"]
[EventType "team-tourn"]
[EventRounds "11"]
[EventCountry "GER"]
[SourceTitle "CBM 133 Extra"]
[Source "ChessBase"]
[SourceDate "2010.01.05"]
[SourceVersion "1"]
[SourceVersionDate "2010.01.05"]
[SourceQuality "1"]
[WhiteTeam "Bad Koenigshofen (W)"]
[BlackTeam "Hamburger SK (W)"]
[WhiteTeamCountry "GER"]
[BlackTeamCountry "GER"]

1. e4 e6 2. d4 d5 3. Nc3 Nc6 4. e5 Qe7 5. Nf3 Bd7 6. Bg5 f6 7. exf6 gxf6 8. Bf4 0-0-0 9. Bb5 Nh6 10. Qd2 Nf5 11. 0-0-0 Nd6 12. a3 Qf7 13. Rhe1 Kb8 14. Re2 Na5 15. Bxd7 Qxd7 16. Qe1 Nac4 17. Rxe6 Ne4 18. Rxe4 dxe4 19. Nxe4 Qf5 20. Bg3 Bh6+ 21. Kb1 Rhe8 22. Qc3 Qb5 23. Nxf6 Re6 24. Ng4 Bf8 25. d5 Rb6 26. b4 a5 27. Ne3 Nxa3+ 28. Qxa3 Bxb4 29. Nd4 Qc5 30. Qa4 Bc3+ 31. Nb3 Rb4 32. Kc1 Rxa4 0-1

[Event "BL 0910 (Women)"]
[Site "Germany"]
[Date "2010.01.17"]
[Round "5.2"]
[White "Hegeler, Anja"]
[Black "Zschischang, Marine"]
[Result "1-0"]
[WhiteElo "2181"]
[BlackElo "2089"]
[PlyCount "67"]
[EventDate "2009.11.07"]
[EventType "team-tourn"]
[EventRounds "11"]
[EventCountry "GER"]
[SourceTitle "CBM 133 Extra"]
[Source "ChessBase"]
[SourceDate "2010.01.05"]
[SourceVersion "1"]
[SourceVersionDate "2010.01.05"]
[SourceQuality "1"]
[WhiteTeam "Hamburger SK (W)"]
[BlackTeam "Lehrte (W)"]
[WhiteTeamCountry "GER"]
[BlackTeamCountry "GER"]

1. e4 e6 2. d4 d5 3. Nc3 Nf6 4. e5 Nfd7 5. f4 c5 6. Nf3 Nc6 7. Be3 a6 8. Qd2 b5 9. dxc5 Bxc5 10. Ne2 Qb6 11. Ned4 f6 12. c3 fxe5 13. fxe5 Ndxe5 14. Nxe5 Nxe5 15. b4 Bxd4 16. Bxd4 Qd6 17. Qg5 Nf7 18. Qxg7 e5 19. Bc5 Qg6 20. Qxg6 hxg6 21. a4 bxa4 22. Rxa4 Bb7 23. b5 Rc8 24. Bb4 axb5 25. Bxb5+ Bc6 26. Bxc6+ Rxc6 27. 0-0 d4 28. Ra8+ Nd8 29. cxd4 Rc4 30. Bd6 exd4 31. Ra7 Nc6 32. Rc7 d3 33. Ra1 Nd8 34. Rxc4 1-0

[Event "BL 0809 (Women)"]
[Site "Germany"]
[Date "2009.01.25"]
[Round "7.3"]
[White "Hegeler, Anja"]
[Black "Schulz, Petra"]
[Result "1/2-1/2"]
[WhiteElo "2220"]
[BlackElo "2101"]
[PlyCount "83"]
[EventDate "2008.11.08"]
[EventType "team-tourn"]
[EventRounds "11"]
[EventCountry "GER"]
[SourceTitle "EXT 2010"]
[Source "ChessBase"]
[SourceDate "2010.11.25"]
[SourceVersion "1"]
[SourceVersionDate "2010.11.25"]
[SourceQuality "1"]
[WhiteTeam "Hamburger SK (W)"]
[BlackTeam "Leipzig Allianz (W)"]
[WhiteTeamCountry "GER"]
[BlackTeamCountry "GER"]

1. e4 e6 2. d4 d5 3. Nc3 Bb4 4. exd5 exd5 5. Bd3 Nc6 6. a3 Bxc3+ 7. bxc3 Nge7 8. Qh5 Be6 9. Ne2 Qd7 10. h3 Bf5 11. Nf4 Bxd3 12. Nxd3 Qe6+ 13. Be3 Qg6 14. Qf3 0-0 15. 0-0 Rad8 16. Bf4 Rc8 17. Rfe1 b6 18. Re2 Rfd8 19. Rae1 Kf8 20. a4 Qf6 21. Qe3 h6 22. Qc1 Nf5 23. Qb1 Nd6 24. Be5 Qf5 25. Re3 Ne4 26. Rf3 Qd7 27. Qc1 Ng5 28. Qa3+ Kg8 29. Rfe3 Re8 30. Qa2 Kh8 31. c4 dxc4 32. Qxc4 f6 33. Bf4 Rxe3 34. Bxe3 Rd8 35. c3 Na5 36. Qa2 Re8 37. Bxg5 Rxe1+ 38. Nxe1 hxg5 39. Nc2 Qc6 40. Qa3 Kh7 41. Ne3 Nc4 42. Qb3 1/2-1/2

[Event "BL 0809 (Women)"]
[Site "Germany"]
[Date "2008.12.06"]
[Round "3.4"]
[White "Kiefhaber, Veronika"]
[Black "Hegeler, Anja"]
[Result "1-0"]
[WhiteElo "2267"]
[BlackElo "2220"]
[PlyCount "67"]
[EventDate "2008.11.08"]
[EventType "team-tourn"]
[EventRounds "11"]
[EventCountry "GER"]
[SourceTitle "EXT 2010"]
[Source "ChessBase"]
[SourceDate "2010.11.25"]
[SourceVersion "1"]
[SourceVersionDate "2010.11.25"]
[SourceQuality "1"]
[WhiteTeam "Karlsruhe 1853 (W)"]
[BlackTeam "Hamburger SK (W)"]
[WhiteTeamCountry "GER"]
[BlackTeamCountry "GER"]

1. e4 e6 2. d4 d5 3. exd5 exd5 4. c4 Nf6 5. Nc3 Nc6 6. Nf3 Bg4 7. Be2 dxc4 8. Be3 Bd6 9. Bxc4 0-0 10. h3 Bh5 11. 0-0 Qd7 12. a3 Rad8 13. Be2 a6 14. b4 Rfe8 15. Qb3 Ne4 16. Rfe1 Nxc3 17. Qxc3 Ne7 18. Qb3 Nd5 19. Bg5 Nf4 20. Bf1 Rc8 21. Ne5 Qf5 22. Bh4 Bxe5 23. dxe5 Rxe5 24. g4 Bxg4 25. hxg4 Qxg4+ 26. Bg3 Rh5 27. Qe3 g5 28. Rad1 c6 29. Rd6 Rf8 30. Red1 Nh3+ 31. Bxh3 Qxh3 32. Qe4 f5 33. Qe6+ Rf7 34. Rd8+ 1-0

[Event "BL 0708 (Women)"]
[Site "Germany"]
[Date "2008.03.15"]
[Round "8.5"]
[White "Jahn, Constanze"]
[Black "Hegeler, Anja"]
[Result "1/2-1/2"]
[WhiteElo "2189"]
[BlackElo "2196"]
[PlyCount "101"]
[EventDate "2007.11.10"]
[EventType "team-tourn"]
[EventRounds "11"]
[EventCountry "GER"]
[SourceTitle "EXT 2009"]
[Source "ChessBase"]
[SourceDate "2008.11.26"]
[SourceVersion "1"]
[SourceVersionDate "2008.11.26"]
[SourceQuality "1"]
[WhiteTeam "Halle (W)"]
[BlackTeam "Hamburger SK (W)"]
[WhiteTeamCountry "GER"]
[BlackTeamCountry "GER"]

1. e4 e6 2. d4 d5 3. Nd2 Nc6 4. c3 e5 5. Bb5 dxe4 6. Nxe4 exd4 7. Bxc6+ bxc6 8. Qxd4 Qxd4 9. cxd4 Bf5 10. Nc3 0-0-0 11. Be3 Ne7 12. Nf3 f6 13. 0-0 Nd5 14. Rac1 Kb7 15. a3 g5 16. Na4 Bd3 17. Rfe1 Bb5 18. Nc5+ Bxc5 19. dxc5 Rhe8 20. Nd4 Nxe3 21. fxe3 Bd3 22. b4 Re5 23. Kf2 g4 24. Red1 Be4 25. Nxc6 Rxd1 26. Na5+ Ka6 27. Rxd1 Kb5 28. Rd7 Rd5 29. Rxc7 Rd2+ 30. Kg3 Rxg2+ 31. Kf4 f5 32. Rxh7 Rf2+ 33. Ke5 Ra2 34. Rh8 Rxa3 35. Rb8+ Ka4 36. Nc4 Rc3 37. Kd4 Rd3+ 38. Ke5 Rc3 39. Nd6 Rxe3 40. Nxe4 fxe4 41. Kf4 Re2 42. Kxg4 Rxh2 43. Kf4 Rc2 44. Kxe4 a5 45. bxa5 Rxc5 46. a6 Rc7 47. Rb7 Rc8 48. a7 Ra8 49. Rb1 Ka5 50. Kd5 Rxa7 51. Kc5 1/2-1/2

[Event "BL 0708 (Women)"]
[Site "Germany"]
[Date "2008.01.13"]
[Round "5.3"]
[White "Hegeler, Anja"]
[Black "Straub, Natalia"]
[Result "1/2-1/2"]
[WhiteElo "2196"]
[BlackElo "2284"]
[PlyCount "102"]
[EventDate "2007.11.10"]
[EventType "team-tourn"]
[EventRounds "11"]
[EventCountry "GER"]
[SourceTitle "EXT 2009"]
[Source "ChessBase"]
[SourceDate "2008.11.26"]
[SourceVersion "1"]
[SourceVersionDate "2008.11.26"]
[SourceQuality "1"]
[WhiteTeam "Hamburger SK (W)"]
[BlackTeam "Kiel Doppelbauer (W)"]
[WhiteTeamCountry "GER"]
[BlackTeamCountry "GER"]

1. e4 g6 2. d4 Bg7 3. Nc3 c6 4. Nf3 d6 5. Be2 Nd7 6. 0-0 Qc7 7. a4 Ngf6 8. h3 0-0 9. Be3 e5 10. dxe5 dxe5 11. Nh2 Re8 12. Qc1 Nf8 13. Bh6 Ne6 14. Bxg7 Kxg7 15. Ng4 Nxg4 16. Bxg4 Nd4 17. Bxc8 Raxc8 18. Re1 Rcd8 19. Ne2 Qa5 20. Kh2 Re6 21. b3 Red6 22. f4 Qc5 23. Nxd4 Rxd4 24. Re2 Qd6 25. f5 Rd2 26. Qe1 Qd4 27. f6+ Kxf6 28. Qh4+ Kg7 29. Rxd2 Qxd2 30. Rf1 g5 31. Qg3 f6 32. Rf2 Qe1 33. Qf3 Rd6 34. Qf5 h5 35. Rf3 h4 36. c4 b6 37. Rf2 a5 38. Rf3 c5 39. Rf2 Qd1 40. Rf3 Qe2 41. Rf2 Qh5 42. Qc8 Qf7 43. Qb8 Qd7 44. Rf5 Re6 45. Rf3 Rd6 46. Rf5 Qd8 47. Qb7+ Kg6 48. Rf3 Rd1 49. Qc6 Rd6 50. Qb7 Qd7 51. Qb8 Kg7 1/2-1/2

[Event "BL 0506 (Women)"]
[Site "Germany"]
[Date "2006.04.09"]
[Round "11.2"]
[White "Karlovich, Anastazia"]
[Black "Hegeler, Anja"]
[Result "1-0"]
[WhiteElo "2258"]
[BlackElo "2208"]
[PlyCount "87"]
[EventDate "2005.10.29"]
[EventType "team-tourn"]
[EventRounds "11"]
[EventCountry "GER"]
[SourceTitle "EXT 2007"]
[Source "ChessBase"]
[SourceDate "2006.11.23"]
[SourceVersion "1"]
[SourceVersionDate "2006.11.23"]
[SourceQuality "1"]
[WhiteTeam "Grosslehna (W)"]
[BlackTeam "Hamburg (W)"]
[WhiteTeamCountry "GER"]
[BlackTeamCountry "GER"]

1. e4 e6 2. d4 d5 3. Nc3 Nc6 4. e5 Bd7 5. Nf3 Qe7 6. a3 f6 7. exf6 gxf6 8. Bd3 0-0-0 9. 0-0 Qg7 10. Kh1 Nge7 11. Bb5 e5 12. Bxc6 Nxc6 13. dxe5 fxe5 14. Bg5 Be7 15. Bxe7 Nxe7 16. Qd2 Rhg8 17. Rg1 Bg4 18. Ne1 h5 19. Nd3 h4 20. h3 Bf5 21. Rae1 Ng6 22. Qg5 Qf7 23. Qd2 Qe6 24. Nb5 Qb6 25. Nc3 d4 26. Ne4 Rdf8 27. b3 Qc6 28. f3 b6 29. Ng5 Qd5 30. Ne4 Qd7 31. Nef2 Bxd3 32. Qxd3 Kb8 33. Ng4 Nf4 34. Qc4 Ng6 35. Nxe5 Nxe5 36. Rxe5 Rxf3 37. Qe6 Qb5 38. Re4 Qc5 39. Rxh4 Qxc2 40. Rxd4 Qc5 41. Rg4 Rxh3+ 42. gxh3 Qf2 43. R1g2 Rh8 44. Kh2 1-0

[Event "BL 0203 (Women)"]
[Site "Germany"]
[Date "2003.01.31"]
[Round "5.5"]
[White "Hegeler, Anja"]
[Black "Lanchava, Tea"]
[Result "0-1"]
[WhiteElo "2220"]
[BlackElo "2339"]
[PlyCount "80"]
[EventDate "2002.10.12"]
[EventType "team-tourn"]
[EventRounds "11"]
[EventCountry "GER"]
[SourceTitle "EXT 2004"]
[Source "ChessBase"]
[SourceDate "2003.11.25"]
[SourceVersion "1"]
[SourceVersionDate "2003.11.25"]
[SourceQuality "1"]
[WhiteTeam "Hamburg (W)"]
[BlackTeam "Emsdetten Turm (W)"]
[WhiteTeamCountry "GER"]
[BlackTeamCountry "GER"]

1. e4 c5 2. Nf3 Nc6 3. d4 cxd4 4. Nxd4 Qc7 5. Nc3 e6 6. f4 a6 7. a3 Bc5 8. Nb3 Ba7 9. Be2 Qb6 10. Rf1 f5 11. exf5 Nge7 12. fxe6 dxe6 13. Bc4 0-0 14. Bd2 Nf5 15. Qh5 Ne3 16. Bd3 h6 17. Bxe3 Qxe3+ 18. Qe2 Rxf4 19. Qxe3 Rxf1+ 20. Kxf1 Bxe3 21. Ke2 Ba7 22. Be4 Bd7 23. Rd1 Be8 24. g3 Ne5 25. h3 Rb8 26. Na5 b6 27. Nb3 b5 28. Rd6 Rb6 29. Rd8 Kf7 30. Nc5 b4 31. Ra8 Bb8 32. axb4 Bd6 33. Ra7+ Kf6 34. Bd3 Nxd3 35. N3e4+ Ke5 36. cxd3 Rxb4 37. Rxa6 Bxc5 38. Nxc5 Bb5 39. Ra7 Kd5 40. Ne4 Rxe4+ 0-1